000
002500000a22000970004500
100
1
_a
Martin, Danny D.
245
1
0
_a
The place of the local church in tentmaking
300
_a
Vol. 14, Núm 13 (1997), Páginas 131-132
773
0
_t
Evangel
942
_c
ANA
999
_c
54160
_d
54160